000 00893nam a22003258i 4500
999 _c704
_d704
001 021247043
003 UkOxU
005 20191205104041.0
008 180301r20182005enk j 000|f|eng|d
015 _aGBB884728
_2bnb
016 7 _a018862225
_2Uk
020 _a9781407189161 (pbk.) :
035 _a(Uk)018862225
040 _aStDuBDS
_beng
_erda
_cStDuBDS
082 _aFIC REE
100 1 _aReeve, Philip,
_eauthor.
245 1 0 _aInfernal devices /
_cPhilip Reeve.
263 _a201807
264 1 _aLondon :
_bScholastic,
_c2018.
300 _a364 p. ;
_c20 cm.
336 _atext
_2rdacontent
337 _aunmediated
_2rdamedia
338 _avolume
_2rdacarrier
490 0 _aMortal engines quartet ;
_v3
500 _aOriginally published: 2005.
655 0 _aScience fiction.
655 0 _aYoung adult fiction.
942 _2ddc
_cFIC